[Event "FIDE WCCC U12 2018"]
[Site "Santiago de Compostela"]
[Date "2018.11.15"]
[Round "11"]
[White "Aizenberg, Benny"]
[Black "Zhakshylykov, Erzhan"]
[Result "1-0"]
[WhiteElo "2164"]
[BlackElo "1526"]
[Annotator "ChessBase"]
[PlyCount "63"]
[EventDate "2018.11.04"]
[EventType "swiss"]
[EventCountry "ESP"]
[SourceTitle "playchess.com"]
[Source "ChessBase"]
[SourceQuality "1"]
[TimeControl "40/5400+30:1800+30"]

1. e4 {[%emt 0:00:00]} c5 {[%emt 0:00:00]} 2. Nf3 {[%emt 0:00:00]} d6 {[%emt 0:00:01]} 3. d4 {[%emt 0:00:00]} cxd4 {[%emt 0:00:13]} 4. Nxd4 {[%emt 0:00:00]} Nf6 {[%emt 0:00:13]} 5. Nc3 {[%emt 0:00:00]} a6 {[%emt 0:00:13]} 6. h3 {[%emt 0:00:00]} e5 {[%emt 0:00:42]} 7. Nde2 {[%emt 0:00:05]} Be7 {[%emt 0:00:16]} 8. g4 {[%emt 0:00:05]} Be6 {[%emt 0:00:53]} 9. Bg2 {[%emt 0:00:10]} Nbd7 {[%emt 0:01:05]} 10. O-O {[%emt 0:00:15]} O-O {[%emt 0:01:44]} 11. Be3 {[%emt 0:06:30]} Rc8 {[%emt 0:01:59]} 12. Nd5 {[%emt 0:03:16]} Bxd5 {[%emt 0:00:51]} 13. exd5 {[%emt 0:00:15]} b5 {[%emt 0:11:15]} 14. Ng3 {[%emt 0:10:17]} Nc5 {[%emt 0:02:23]} 15. b3 {[%emt 0:01:03]} Re8 {[%emt 0:03:45]} 16. f4 {[%emt 0:21:37]} exf4 {[%emt 0:01:40]} 17. Bxf4 {[%emt 0:00:11]} Nfd7 {[%emt 0:07:29]} 18. Nf5 {[%emt 0:13:29]} Qb6 {[%emt 0:02:03]} 19. Kh1 {[%emt 0:00:07]} Bf8 {[%emt 0:01:20]} 20. Qf3 {[%emt 0:03:41]} Ne5 {[%emt 0:14:25]} 21. Bxe5 {[%emt 0:00:06]} Rxe5 {[%emt 0:01:06]} 22. Rae1 {[%emt 0:00:07]} f6 {[%emt 0:03:55]} 23. g5 {[%emt 0:09:29]} Qd8 {[%emt 0:05:12]} 24. gxf6 {[%emt 0:01:09]} Qxf6 {[%emt 0:01:40]} 25. Nh6+ {[%emt 0:01:21]} Kh8 {[%emt 0:01:33]} 26. Nf7+ {[%emt 0:00:04]} Kg8 {[%emt 0:00:19]} 27. Nxe5 {[%emt 0:00:05]} dxe5 {[%emt 0:03:26]} 28. Qxf6 {[%emt 0:00:30]} gxf6 {[%emt 0:00:07]} 29. Rxf6 {[%emt 0:00:05]} Re8 {[%emt 0:00:42]} 30. Rc6 {[%emt 0:01:37]} e4 {[%emt 0:01:44]} 31. d6 {[%emt 0:00:04]} Re5 {[%emt 0:00:16]} 32. b4 {[%emt 0:00:31]} 1-0

[Event "FIDE WCCC U12 2018"]
[Site "Santiago de Compostela"]
[Date "2018.11.15"]
[Round "11"]
[White "Chyzy, Jakub"]
[Black "Boris, Peter"]
[Result "1-0"]
[WhiteElo "2136"]
[BlackElo "1914"]
[Annotator "NA"]
[PlyCount "89"]
[EventDate "2018.11.04"]
[EventType "swiss"]
[EventCountry "ESP"]
[SourceTitle "playchess.com"]
[Source "ChessBase"]
[SourceQuality "1"]
[TimeControl "40/5400+30:1800+30"]

{[%evp 8,89,6,0,-6,-2,32767,32767,32767,32767,32767,32767,32767,32767,32767,-11,32767,32767,-3,32767,0,0,-1,0,8,0,32767,32767,32767,32767,32767,32767,32767,32767,15,13,45,32767,32767,35,32767,32767,56,35,32767,32767,32767,104,139,158,161,113,138,46,32,25,110,102,32767,32767,128,85,118,32767,32767,32767,32767,32767,32767,32767,549,1120,32767,32767,704,32767,32767,32767,4933,29976,32767,32767,32767,29977]} 1. e4 {[%emt 0:00:00]} e5 {[%emt 0:00:00]} 2. Nf3 {[%emt 0:00:00]} Nc6 {[%emt 0:00:00]} 3. Nc3 {[%emt 0:00:00]} Nf6 {[%emt 0:00:00]} 4. d4 {[%emt 0:00:00]} exd4 {[%emt 0:00:02]} 5. Nxd4 {[%emt 0:00:00]} Bb4 {[%emt 0:00:18]} 6. Nxc6 {[%emt 0:00:00]} bxc6 {[%emt 0:00:06]} 7. Bd3 {[%emt 0:00:00]} d5 {[%emt 0:00:15]} 8. exd5 {[%emt 0:00:05]} cxd5 {[%emt 0:00:19]} 9. O-O {[%emt 0:00:09]} O-O {[%emt 0:00:07]} 10. Bg5 {[%emt 0:00:05]} c6 {[%emt 0:01:33]} 11. Qf3 {[%emt 0:00:11]} ({Of course not} 11. Bxf6 Qxf6 12. Ne2 Bd6 $17) 11... Bd6 {[%emt 0:02:15]} 12. h3 {[%emt 0:01:02]} Rb8 {[%emt 0:01:55]} 13. Rab1 {[%emt 0:00:50]} Be6 {[%emt 0:04:25] LiveBook: 3 Games C47: Scotch Four Knights and Four Knights with 4 g3} (13... h6 14. Bf4 Be6 15. Ne2 c5 16. c3 Re8 17. Rfd1 Rb6 18. Bc2 Bxf4 19. Nxf4 Qb8 20. b3 a5 21. Re1 {1-0 (33) Dubov,D (2694)-Matlakov,M (2709) Moscow 2018}) 14. b3 {[%emt 0:06:37]} Re8 {[%emt 0:01:56]} 15. Ne2 {[%emt 0:03:27]} c5 {[%emt 0:04:21]} 16. Ng3 {[%emt 0:04:35]} h6 {[%emt 0:12:28]} 17. Bxf6 {[%emt 0:05:32]} Qxf6 {[%emt 0:00:18]} 18. Qxf6 {[%emt 0:00:07]} gxf6 {[%emt 0:00:04] [#]} 19. f4 $146 {[%emt 0:05:10]} ({You set blue moves yourself with the critical opening position annotation.:} 19. Nf5 Bxf5 20. Bxf5 Bc7 21. Rbd1 {½-½ (52) Hasangatin,R (2512)-Predke,A (2535) Sochi 2016}) 19... c4 {[%emt 0:06:35]} 20. Be2 {[%emt 0:03:02]} cxb3 {[%emt 0:01:58]} (20... f5 $15) 21. axb3 {[%emt 0:01:16]} Bd7 {[%emt 0:08:36]} 22. Rbd1 {[%emt 0:11:51]} Bc6 {[%emt 0:08:14]} 23. Bg4 {[%emt 0:10:46]} Bc5+ {[%emt 0:06:24]} 24. Kh2 {[%emt 0:01:02]} Bb5 {[%emt 0:01:57]} 25. Rfe1 {[%emt 0:09:30]} Rxe1 {[%emt 0:01:40]} 26. Rxe1 {[%emt 0:00:04]} Bf2 {[%emt 0:08:58]} 27. Rd1 {[%emt 0:01:44]} Bxg3+ {[%emt 0:05:45]} 28. Kxg3 {[%emt 0:00:04]} Bc6 {[%emt 0:01:22]} 29. Bf3 {[%emt 0:00:54]} Rb5 {[%emt 0:00:49]} 30. c4 {[%emt 0:03:38]} ({White should try} 30. Ra1 $16) 30... Rxb3 {[%emt 0:00:37]} 31. cxd5 {[%emt 0:00:08]} Bd7 {[%emt 0:00:42]} ({Black should play} 31... Bb5 $1 $14) 32. Ra1 {[%emt 0:01:06]} Rb7 {[%emt 0:00:32]} 33. Kf2 {[%emt 0:05:15]} Kf8 {[%emt 0:05:16]} 34. Ra6 {[%emt 0:00:31]} Kg7 {[%emt 0:00:30]} 35. Ke3 {[%emt 0:04:08]} Bb5 {[%emt 0:01:14]} 36. Ra2 {[%emt 0:11:36]} a6 {[%emt 0:01:00]} 37. Kd4 {[%emt 0:00:48]} Rc7 {[%emt 0:00:54]} 38. Be2 {[%emt 0:00:17]} Bxe2 $2 {[%emt 0:01:55]} (38... Rc1 {was called for.} 39. Rb2 Bxe2 40. Rxe2 Kf8) 39. Rxe2 {[%emt 0:00:39]} Kf8 {[%emt 0:00:53]} 40. d6 {[%emt 0:00:00]} Rc1 {[%emt 0:00:00]} 41. Kd5 {[%emt 0:00:42]} a5 {[%emt 0:00:55]} 42. d7 {[%emt 0:00:26]} Rd1+ {[%emt 0:00:05]} 43. Kc6 {[%emt 0:00:04]} Rc1+ {[%emt 0:00:19]} 44. Kb7 {[%emt 0:00:11]} Rb1+ {[%emt 0:00:05]} 45. Ka7 {[%emt 0:00:06]} 1-0

[Event "FIDE WCCC U12 2018"]
[Site "Santiago de Compostela"]
[Date "2018.11.15"]
[Round "11"]
[White "Nguyen, Quoc Hy"]
[Black "Hommer, Jeremy"]
[Result "1-0"]
[WhiteElo "2117"]
[BlackElo "1987"]
[Annotator "NA"]
[PlyCount "91"]
[EventDate "2018.11.04"]
[EventType "swiss"]
[EventCountry "ESP"]
[SourceTitle "playchess.com"]
[Source "ChessBase"]
[SourceQuality "1"]
[TimeControl "40/5400+30:1800+30"]

1. c4 {[%emt 0:00:00]} b6 {[%emt 0:00:00]} 2. d4 {[%emt 0:00:00]} Bb7 {[%emt 0:00:00]} 3. d5 {[%emt 0:00:09]} e6 {[%emt 0:03:21]} 4. e4 {[%emt 0:03:07]} exd5 {[%emt 0:01:14]} 5. exd5 {[%emt 0:00:30] A40: Unusual replies to 1 d4} Nf6 {[%emt 0:01:26]} 6. Nf3 {[%emt 0:00:07]} Be7 {[%emt 0:04:22]} 7. Nc3 {[%emt 0:00:39]} O-O {[%emt 0:02:57]} 8. Be2 $146 {[%emt 0:00:02]} ({Predecessor:} 8. Bd3 c6 9. O-O cxd5 10. cxd5 Bb4 11. Ne4 h6 12. a3 Be7 {1-0 (51) Ungureanu,E (2385)-Sahovic,D (2460) Timisoara 1977}) 8... Re8 {[%emt 0:03:02]} 9. O-O {[%emt 0:00:30]} h6 {[%emt 0:01:31]} 10. Bf4 {[%emt 0:03:10]} d6 {[%emt 0:02:47]} 11. Nd4 {[%emt 0:00:37]} Bf8 {[%emt 0:01:27]} 12. Bd3 {[%emt 0:00:30]} Nbd7 {[%emt 0:03:01]} 13. Bc2 {[%emt 0:01:00]} Ne5 {[%emt 0:10:36]} 14. Ba4 {[%emt 0:00:06]} Nfd7 {[%emt 0:01:27]} 15. b3 {[%emt 0:00:31]} Qc8 {[%emt 0:14:08]} 16. Bg3 {[%emt 0:01:48]} Ng6 {[%emt 0:06:40]} 17. h4 {[%emt 0:00:27]} Rd8 {[%emt 0:01:48]} 18. h5 {[%emt 0:00:50]} Ne7 {[%emt 0:00:33]} 19. Bh4 {[%emt 0:04:51]} Nc5 {[%emt 0:02:31]} 20. Bc6 {[%emt 0:00:12]} Bxc6 {[%emt 0:00:40]} 21. dxc6 {[%emt 0:00:02]} ({Much less strong is} 21. Nxc6 $6 Re8 $14) 21... Re8 {[%emt 0:02:11]} 22. Re1 {[%emt 0:02:10]} Ne6 23. Bxe7 {[%emt 0:02:14]} Bxe7 {[%emt 0:04:41]} 24. Nd5 {[%emt 0:00:05]} Bf8 {[%emt 0:03:16]} 25. Qg4 {[%emt 0:04:26]} Kh8 {[%emt 0:04:59]} 26. b4 {[%emt 0:00:21]} a6 {[%emt 0:02:43]} 27. Re3 {[%emt 0:07:03]} Nxd4 {[%emt 0:03:44]} 28. Qxd4 {[%emt 0:00:02]} Rxe3 {[%emt 0:01:10]} 29. Qxe3 {[%emt 0:00:03]} Qe8 {[%emt 0:03:46]} 30. Qxe8 {[%emt 0:01:15]} Rxe8 {[%emt 0:00:02]} 31. b5 {[%emt 0:00:19]} ({Less strong is} 31. Nxc7 Rc8 $16) 31... axb5 {[%emt 0:01:28]} 32. cxb5 {[%emt 0:00:02]} Rc8 {[%emt 0:03:15]} 33. Re1 {[%emt 0:03:43]} Kg8 {[%emt 0:01:35]} (33... Kh7 $142 34. Kh2 g6) 34. Re4 {[%emt 0:00:07]} f6 {[%emt 0:02:09]} 35. Re7 {[%emt 0:01:16]} Ra8 {[%emt 0:01:39]} 36. Rxc7 {[%emt 0:00:02]} Rxa2 {[%emt 0:00:22]} 37. Rc8 {[%emt 0:01:02]} Kf7 {[%emt 0:01:51]} 38. c7 {[%emt 0:00:06]} Rc2 {[%emt 0:00:15]} 39. Ra8 {[%emt 0:00:16]} Rc1+ {[%emt 0:00:38]} 40. Kh2 {[%emt 0:00:00]} Ke6 {[%emt 0:00:00]} 41. c8=Q+ {[%emt 0:00:15]} Rxc8 {[%emt 0:00:36]} 42. Rxc8 {[%emt 0:00:02]} Kxd5 {[%emt 0:00:07]} 43. Rxf8 {[%emt 0:00:02]} Ke4 $18 {[%emt 0:00:27]} 44. Rb8 {[%emt 0:00:08]} d5 {[%emt 0:00:06]} 45. Rxb6 {[%emt 0:00:04]} d4 {[%emt 0:00:04]} 46. Rd6 {[%emt 0:00:06] Kd5} 1-0

[Event "FIDE WCCC U12 2018"]
[Site "Santiago de Compostela"]
[Date "2018.11.15"]
[Round "11"]
[White "Maurizzi, Marc Andria"]
[Black "Nahornyi, Ihor"]
[Result "1-0"]
[WhiteElo "2103"]
[BlackElo "1900"]
[Annotator "ChessBase"]
[PlyCount "37"]
[EventDate "2018.11.04"]
[EventType "swiss"]
[EventCountry "ESP"]
[SourceTitle "playchess.com"]
[Source "ChessBase"]
[SourceQuality "1"]
[TimeControl "40/5400+30:1800+30"]

1. e4 c5 2. Nf3 e6 3. Be2 a6 4. O-O d6 5. d4 cxd4 6. Nxd4 Nf6 7. Nc3 Be7 8. Be3 O-O 9. f4 Nbd7 10. Bf3 Qc7 11. Qe2 Re8 12. g4 Nf8 13. g5 N6d7 14. Bg2 Rb8 15. f5 b5 16. Qh5 e5 17. Nd5 Qb7 18. f6 Bd8 19. Nf5 1-0

[Event "FIDE WCCC U12 2018"]
[Site "Santiago de Compostela"]
[Date "2018.11.15"]
[Round "11"]
[White "Yu, Jason"]
[Black "Tobak, Mikhail"]
[Result "1/2-1/2"]
[WhiteElo "2097"]
[BlackElo "1936"]
[Annotator "NA"]
[PlyCount "96"]
[EventDate "2018.11.04"]
[EventType "swiss"]
[EventCountry "ESP"]
[SourceTitle "playchess.com"]
[Source "ChessBase"]
[SourceQuality "1"]
[TimeControl "40/5400+30:1800+30"]

1. e4 {[%emt 0:00:00]} d6 {[%emt 0:00:00]} 2. d4 {[%emt 0:00:00]} Nf6 {[%emt 0:00:00]} 3. Nc3 {[%emt 0:00:00]} g6 {[%emt 0:00:00]} 4. Nf3 {[%emt 0:00:00]} Bg7 {[%emt 0:00:00]} 5. Bc4 {[%emt 0:00:00]} O-O {[%emt 0:00:00]} 6. O-O {[%emt 0:00:00]} Nxe4 7. Nxe4 {[%emt 0:00:08]} d5 {[%emt 0:00:20]} 8. Bd3 {[%emt 0:00:04]} dxe4 {[%emt 0:00:05]} 9. Bxe4 {[%emt 0:00:49]} Nd7 {[%emt 0:00:00]} 10. c3 {[%emt 0:00:30]} Nf6 {[%emt 0:00:15] LiveBook: 3 Games B08: Pirc Defence: Classical System} (10... c5 11. Bc2 cxd4 12. Nxd4 Ne5 13. Qe2 Bg4 14. Qe4 Qc8 15. Bb3 e6 16. Bf4 Bf5 17. Qe3 Nc4 18. Qe2 Na5 19. Nxf5 gxf5 {½-½ (43) Vitiugov,N (2722)-Dubov,D (2683) St Petersburg 2017}) 11. Bd3 {[%emt 0:00:30]} b6 {[%emt 0:00:30]} 12. Re1 {[%emt 0:00:30]} Bb7 {[%emt 0:00:30]} 13. Qe2 {[%emt 0:06:11]} e6 {[%emt 0:09:32]} 14. Bd2 $146 {[%emt 0:23:20]} Qc8 {[%emt 0:02:28]} 15. Rad1 {[%emt 0:07:20]} c5 {[%emt 0:02:39]} 16. Be3 {[%emt 0:00:30]} Nd5 {[%emt 0:00:30]} 17. dxc5 {[%emt 0:00:30]} Nxe3 {[%emt 0:00:30]} 18. Qxe3 {[%emt 0:00:30]} Qxc5 {[%emt 0:00:30]} 19. Qxc5 {[%emt 0:00:30]} bxc5 {[%emt 0:00:30]} 20. Be4 {[%emt 0:00:30]} Rab8 {[%emt 0:00:30]} 21. Rd2 {[%emt 0:00:30]} Ba6 {[%emt 0:00:30]} 22. Red1 {[%emt 0:00:30]} Rb6 {[%emt 0:00:30]} 23. Ne1 {[%emt 0:00:30]} Bh6 {[%emt 0:00:30]} 24. Rc2 {[%emt 0:00:30] [#]} Rfb8 $1 {[%emt 0:00:30]} 25. Rb1 {[%emt 0:00:30]} c4 {[%emt 0:00:30]} 26. g3 {[%emt 0:00:30]} Bf8 {[%emt 0:00:30]} 27. Rd2 {[%emt 0:00:30]} Bb7 {[%emt 0:00:30]} 28. Bxb7 {[%emt 0:00:30]} R6xb7 {[%emt 0:00:30]} 29. Nf3 {[%emt 0:00:30]} Ba3 {[%emt 0:00:30]} 30. Ne5 {[%emt 0:00:30]} Rxb2 {[%emt 0:00:30]} 31. Rbxb2 {[%emt 0:00:30]} Bxb2 {[%emt 0:00:30]} 32. Rc2 {[%emt 0:00:30]} Ba3 {[%emt 0:00:30]} 33. Nxc4 {[%emt 0:00:30]} Bc5 {[%emt 0:00:30]} 34. Kg2 {[%emt 0:00:30]} Rc8 {[%emt 0:00:30]} 35. Nb2 {[%emt 0:00:30]} Bd4 {[%emt 0:00:30]} 36. Nd1 {[%emt 0:00:30]} e5 {[%emt 0:00:30]} 37. Re2 {[%emt 0:00:30]} Bb6 {[%emt 0:00:30]} 38. Rxe5 {[%emt 0:00:30]} Rd8 {[%emt 0:00:30]} 39. Ne3 {[%emt 0:00:30]} Rd2 {[%emt 0:13:09]} 40. a4 {[%emt 0:26:28]} Ra2 41. Kf3 Rxa4 {[%emt 0:30:52]} 42. Nd5 {[%emt 0:32:49]} Ra3 {[%emt 0:01:34]} 43. Re8+ {[%emt 0:01:37]} Kg7 {[%emt 0:00:04]} 44. Rc8 {[%emt 0:00:36]} Ra2 {[%emt 0:01:06]} 45. Nxb6 {[%emt 0:00:45]} axb6 {[%emt 0:00:09]} 46. Ke3 {[%emt 0:03:21]} Rc2 {[%emt 0:00:41]} 47. h4 {[%emt 0:00:33]} b5 {[%emt 0:00:07]} 48. Rc5 $11 {[%emt 0:00:14]} Rb2 {[%emt 0:00:12]} 1/2-1/2

[Event "FIDE WCCC U12 2018"]
[Site "Santiago de Compostela"]
[Date "2018.11.15"]
[Round "11"]
[White "Clasby, Derek"]
[Black "Deng Yu Dong Michael"]
[Result "0-1"]
[WhiteElo "2087"]
[BlackElo "1863"]
[Annotator "NA"]
[PlyCount "110"]
[EventDate "2018.11.04"]
[EventType "swiss"]
[EventCountry "ESP"]
[SourceTitle "playchess.com"]
[Source "ChessBase"]
[SourceQuality "1"]
[TimeControl "40/5400+30:1800+30"]

1. e4 {[%emt 0:00:00]} c5 {[%emt 0:00:00]} 2. Nf3 {[%emt 0:00:00]} Nc6 {[%emt 0:00:00]} 3. d4 {[%emt 0:00:01]} cxd4 {[%emt 0:00:03]} 4. Nxd4 {[%emt 0:00:09]} g6 {[%emt 0:00:03]} 5. c4 {[%emt 0:00:26]} Nf6 {[%emt 0:00:57]} 6. Nc3 {[%emt 0:00:14]} d6 {[%emt 0:00:15]} 7. f3 {[%emt 0:00:38]} Nxd4 {[%emt 0:01:58]} 8. Qxd4 {[%emt 0:00:10]} Bg7 {[%emt 0:00:20]} 9. Be3 {[%emt 0:00:15]} O-O {[%emt 0:01:12]} 10. Qd2 {[%emt 0:01:16]} a5 {[%emt 0:02:28]} 11. b3 {[%emt 0:03:53]} Bd7 {[%emt 0:05:18]} 12. Be2 {[%emt 0:01:58]} Bc6 {[%emt 0:01:43]} 13. O-O {[%emt 0:00:19]} Nd7 {[%emt 0:01:29]} 14. Rab1 {[%emt 0:03:08]} Nc5 {[%emt 0:02:37]} 15. a3 {[%emt 0:05:08] LiveBook: 7 Games B39: Sicilian: Maroczy Bind with 5...Bg7 and 7...Ng4} (15. Rfd1 Be5 16. Qe1 Qc7 17. Nd5 Bxd5 18. cxd5 Rfc8 19. Rdc1 Qb6 20. Qd1 Bf4 21. Qd4 Bxe3+ 22. Qxe3 Na4 23. Qxb6 Nxb6 {½-½ (37) Wojtaszek,R (2701)-Lenic,L (2621) Legnica 2013}) 15... Qc7 {[%emt 0:07:41]} 16. Rfc1 $146 {[%emt 0:00:51]} (16. Rfd1 $14) ({Predecessor:} 16. Bd1 Rfc8 17. b4 axb4 18. axb4 Ra3 19. Rc1 Na4 20. Nb1 Ra1 21. Bd4 Bxd4+ 22. Qxd4 Ra2 23. Bb3 e5 24. Qa7 Ra1 25. b5 Nc5 {½-½ (25) Parvanyan,A (2364)-Kaid,A (2278) Germany 2017}) 16... a4 {[%emt 0:06:45]} 17. bxa4 {[%emt 0:08:48]} Nxa4 {[%emt 0:03:11]} 18. Nd5 {[%emt 0:01:18]} Qd7 {[%emt 0:12:08]} 19. Bd1 {[%emt 0:06:55]} Bxd5 {[%emt 0:06:59]} 20. cxd5 {[%emt 0:01:51]} Rfc8 {[%emt 0:02:10]} 21. Bxa4 {[%emt 0:11:59]} Rxa4 {[%emt 0:05:12]} 22. Rxc8+ {[%emt 0:02:08]} Qxc8 {[%emt 0:00:15]} 23. Rc1 {[%emt 0:02:15]} Qa8 {[%emt 0:02:53]} 24. Qc2 {[%emt 0:02:17]} h5 {[%emt 0:01:09]} 25. Qc8+ {[%emt 0:03:44]} Kh7 {[%emt 0:01:28]} 26. Qxa8 {[%emt 0:01:33]} Rxa8 {[%emt 0:00:05]} 27. Bg5 {[%emt 0:06:05]} Bd4+ {[%emt 0:03:52]} 28. Kf1 {[%emt 0:00:09]} f6 {[%emt 0:00:45]} 29. Bd2 {[%emt 0:01:16]} Bc5 {[%emt 0:07:15]} 30. Bb4 {[%emt 0:01:48]} b6 {[%emt 0:00:55]} 31. Rb1 {[%emt 0:01:35]} Kg7 {[%emt 0:00:56]} 32. Bxc5 {[%emt 0:04:44]} bxc5 {[%emt 0:00:37]} 33. Ra1 {[%emt 0:00:39]} Ra4 {[%emt 0:00:42]} 34. Ke2 {[%emt 0:00:07]} f5 {[%emt 0:01:33]} 35. exf5 {[%emt 0:01:15]} gxf5 {[%emt 0:00:42]} 36. Kd3 {[%emt 0:03:03]} Kf6 {[%emt 0:02:40]} 37. Kc3 {[%emt 0:01:46]} Ke5 {[%emt 0:05:01]} 38. Kb3 {[%emt 0:00:33]} Rd4 {[%emt 0:00:54]} (38... Rh4 $17 39. a4 Rxh2) 39. Re1+ {[%emt 0:02:56]} Kxd5 {[%emt 0:00:07]} 40. Rxe7 {[%emt 0:00:00]} Rd3+ {[%emt 0:00:00]} 41. Ka4 {[%emt 0:01:44]} Rd2 {[%emt 0:02:34]} 42. Rg7 {[%emt 0:03:29]} Kc4 $19 {[%emt 0:02:11]} 43. g4 {[%emt 0:06:19]} fxg4 {[%emt 0:02:46]} 44. fxg4 {[%emt 0:00:08]} Rg2 {[%emt 0:07:53]} 45. Rg6 {[%emt 0:05:46]} d5 {[%emt 0:00:53]} 46. gxh5 {[%emt 0:00:03]} Rxh2 {[%emt 0:00:12]} 47. Rg1 {[%emt 0:04:59]} d4 {[%emt 0:01:41]} 48. Rc1+ {[%emt 0:03:22]} Kd5 {[%emt 0:00:24]} 49. h6 {[%emt 0:01:10]} c4 {[%emt 0:01:36]} 50. Rg1 {[%emt 0:00:39]} Rxh6 {[%emt 0:04:06]} 51. Rg5+ {[%emt 0:00:11]} Ke4 {[%emt 0:00:08]} 52. Kb4 {[%emt 0:00:23]} c3 {[%emt 0:01:21]} 53. Kb3 {[%emt 0:02:58]} Rc6 {[%emt 0:00:50]} 54. Rg4+ {[%emt 0:00:13]} Ke3 {[%emt 0:00:27]} 55. Rg3+ {[%emt 0:00:48]} Kf4 {[%emt 0:00:21]} 0-1

[Event "FIDE WCCC U12 2018"]
[Site "Santiago de Compostela"]
[Date "2018.11.15"]
[Round "11"]
[White "Damjanovic, Vuk"]
[Black "Tugstumur, Yesuntumur"]
[Result "*"]
[WhiteElo "2053"]
[BlackElo "2331"]
[Annotator "TA"]
[PlyCount "22"]
[EventDate "2018.11.04"]
[EventType "swiss"]
[EventCountry "ESP"]
[SourceTitle "playchess.com"]
[Source "ChessBase"]
[SourceQuality "1"]

{[%evp 3,3,1]} 1. d4 c5 2. c3 {Vorgänger:} e6 $146 3. Nf3 Nc6 4. a3 Nf6 5. Bf4 Qb6 6. Ra2 a5 7. e3 a4 8. Nbd2 d5 9. Bd3 Nh5 10. Be5 Nxe5 11. Nxe5 Nf6 {½-½ (19) Bryzgalin,K (2424)-Gutman,G (2476) Pardubice 2018} *

[Event "FIDE WCCC U12 2018"]
[Site "Santiago de Compostela"]
[Date "2018.11.15"]
[Round "11"]
[White "Damjanovic, Vuk"]
[Black "Tugstumur, Yesuntumur"]
[Result "0-1"]
[WhiteElo "2053"]
[BlackElo "2331"]
[Annotator "NA"]
[PlyCount "92"]
[EventDate "2018.11.04"]
[EventType "swiss"]
[EventCountry "ESP"]
[SourceTitle "playchess.com"]
[Source "ChessBase"]
[SourceQuality "1"]
[TimeControl "40/5400+30:1800+30"]

1. e4 {[%emt 0:00:00]} (1. d4 c5 2. c3 {Vorgänger:} e6 $146 3. Nf3 Nc6 4. a3 Nf6 5. Bf4 Qb6 6. Ra2 a5 7. e3 a4 8. Nbd2 d5 9. Bd3 Nh5 10. Be5 Nxe5 11. Nxe5 Nf6 {½-½ (19) Bryzgalin,K (2424)-Gutman,G (2476) Pardubice 2018}) 1... c5 {[%emt 0:00:00]} 2. Nf3 {[%emt 0:00:00]} e6 {[%emt 0:00:00]} 3. d4 {[%emt 0:00:02]} cxd4 {[%emt 0:00:00]} 4. Nxd4 {[%emt 0:00:06]} Nc6 {[%emt 0:00:00]} 5. Nc3 {[%emt 0:00:27]} Qc7 {[%emt 0:00:01]} 6. g3 {[%emt 0:00:56]} a6 {[%emt 0:00:31]} 7. Bg2 {[%emt 0:01:19]} Nf6 {[%emt 0:01:50]} 8. O-O {[%emt 0:00:52]} h5 {[%emt 0:09:06]} 9. h3 {[%emt 0:03:18]} Bc5 {[%emt 0:12:47]} 10. Nb3 {[%emt 0:09:15]} Be7 {[%emt 0:01:47]} 11. Qe2 {[%emt 0:16:26]} d6 {[%emt 0:03:19]} 12. f4 {[%emt 0:11:45]} b5 {[%emt 0:13:00]} 13. Be3 {[%emt 0:07:41]} Bb7 {[%emt 0:02:12]} 14. Qf2 {[%emt 0:01:20]} O-O 15. Bf3 {[%emt 0:07:09]} Rac8 {[%emt 0:15:43]} 16. g4 {[%emt 0:05:32]} b4 {[%emt 0:01:31]} 17. Na4 {[%emt 0:01:29]} Nb8 {[%emt 0:06:55]} 18. Nb6 {[%emt 0:03:14]} Rcd8 {[%emt 0:04:28]} 19. Qg2 {[%emt 0:04:42]} d5 {[%emt 0:03:39]} 20. e5 {[%emt 0:00:26]} Nh7 {[%emt 0:01:12]} 21. Bd4 {[%emt 0:11:41]} Nc6 {[%emt 0:07:47]} 22. Bf2 {[%emt 0:00:11]} a5 {[%emt 0:02:04]} 23. Na4 {[%emt 0:03:28]} Ba6 {[%emt 0:00:33]} 24. Bb6 {[%emt 0:04:57]} Bxf1 {[%emt 0:00:52]} 25. Rxf1 {[%emt 0:00:11]} Qb8 {[%emt 0:00:11]} 26. Bxd8 {[%emt 0:00:13]} Rxd8 {[%emt 0:00:04]} 27. Nc1 {[%emt 0:02:07]} hxg4 {[%emt 0:01:47]} 28. hxg4 {[%emt 0:00:48]} g5 {[%emt 0:01:05]} 29. f5 {[%emt 0:02:57]} Nxe5 {[%emt 0:00:31]} 30. fxe6 {[%emt 0:00:08]} fxe6 {[%emt 0:00:04]} 31. Be2 {[%emt 0:00:34]} Kg7 {[%emt 0:02:56]} 32. Nd3 {[%emt 0:00:00]} Nxd3 33. Bxd3 {[%emt 0:00:00]} Nf6 {[%emt 0:02:21]} 34. Rf3 {[%emt 0:03:09]} Rh8 {[%emt 0:00:25]} 35. Rh3 {[%emt 0:00:15]} Rxh3 {[%emt 0:00:04]} 36. Qxh3 {[%emt 0:00:04]} Qf4 {[%emt 0:00:08]} 37. Kg2 {[%emt 0:00:31]} Bd6 {[%emt 0:02:07]} 38. b3 {[%emt 0:00:13]} Ne4 {[%emt 0:01:04]} 39. Bxe4 {[%emt 0:00:00]} Qxe4+ {[%emt 0:00:00]} 40. Qf3 {[%emt 0:00:00]} Qxc2+ {[%emt 0:00:00]} 41. Qf2 {[%emt 0:01:20]} Qxf2+ {[%emt 0:01:06]} 42. Kxf2 {[%emt 0:00:11]} Kf6 {[%emt 0:00:01]} 43. Nb2 {[%emt 0:00:09]} Ke5 {[%emt 0:00:07]} 44. Ke3 {[%emt 0:00:10]} Bc5+ {[%emt 0:00:02]} 45. Kf3 {[%emt 0:00:08]} Kd4 {[%emt 0:00:04]} 46. Ke2 {[%emt 0:00:11]} e5 {[%emt 0:01:06]} 0-1